ბათუმის შოთა რუსთაველის სახელმწიფო უნივერსიტეტის ბიბლიოთეკა

ელექტროდინამიკა : (ბიბ.ჩანაწერი № 63429)

000 -ლიდერი
ფიქსირებული სიგრძის საკონტროლო ველი 01490nam a22002417a 4500
003 - საკონტროლო ნომრის იდენტიფიკატორი
საკონტროლო ველი Ge_BSU
005 - ბოლო ოპერაციის თარიღი და დრო
საკონტროლო ველი 20251008145635.0
008 - ფიქსირებული სიგრძის მონაცემთა ელემენტები - ზოგადი ინფორმაცია
ფიქსირებული სიგრძის საკონტროლო ველი 251008s2025 ge ||||| |||| 00| 0 geo d
020 ## - წიგნის საერთაშორისო სტანდარტული ნომერი
International Standard Book Number 9789941519055
041 ## - ენის კოდი
Language code of text/sound track or separate title geo
080 ## - უნივერსალური ათობითი კლასიფიკაციის ინდექსი
Universal Decimal Classification number 537.8(042.4) დ-43
100 ## - მთავარი ჩანაწერი - პიროვნების სახელი
Personal name დიასამიძე, ჟუჟუნა
9 (RLIN) 25962
245 ## - ცნობა სათაურის შესახებ
Title ელექტროდინამიკა :
Remainder of title ლექციების კურსი /
Statement of responsibility, etc ჟუჟუნა დიასამიძე; რედაქტორები მზია დიასამიძე, ნუგზარ ღომიძე, მირანდა ხაჯიშვილი, იზოლდა ჯაბნიძე, ზურაბ შაშიკაძე; დიზაინერი ლუკა ხალვაში.
264 ## - წარმოების, გამოცემის, დისტრიბუციის და სხვა ცნობები
გამოცემის, წარმოების, დისტრიბუციის... ადგილი ბათუმი :
გამოცემის, წარმოების, დისტრიბუციის... სახელწოდება ბსუ,
გამოცემის, წარმოების, დისტრიბუციის... თარიღი 2025.
300 ## - ფიზიკური აღწერა
Extent 170 გვ.;
Other physical details 27 სმ.
700 ## - ADDED ENTRY--PERSONAL NAME
Personal name დიასამიძე, მზია
Relator term რედაქტორი
9 (RLIN) 11390
700 ## - ADDED ENTRY--PERSONAL NAME
Personal name ღომიძე, ნუგზარ
Relator term რედაქტორი
9 (RLIN) 1751
700 ## - ADDED ENTRY--PERSONAL NAME
Personal name ხაჯიშვილი, მირანდა
Relator term რედაქტორი
9 (RLIN) 11241
700 ## - ADDED ENTRY--PERSONAL NAME
Personal name ჯაბნიძე, იზოლდა
Relator term რედაქტორი
9 (RLIN) 14479
700 ## - ADDED ENTRY--PERSONAL NAME
Personal name შაშიკაძე, ზურაბ
Relator term რედაქტორი
9 (RLIN) 25963
700 ## - ADDED ENTRY--PERSONAL NAME
Personal name ხალვაში, ლუკა
Relator term დიზაინერი
9 (RLIN) 25964
942 ## - ADDED ENTRY ELEMENTS (KOHA)
Source of classification or shelving scheme
Koha item type წიგნი
ეგზემპლარები
ჩამოწერის სტატუსი დაკარგული ეგზემპლარის სტატუსი კლასიფიკაციის წყარო ან თაროზე გაწყობის სქემა დაზიანების სტატუსი არ გაიცემა მუდმივი მდებარეობა (დაცვის ადგილი) ამჟამინდელი ადგილსამყოფელი თაროზე განთავსების ადგილი შეძენის თარიღი ღირებულება, შესყიდვის ნორმალური ფასი სრული შენახვის შიფრი შტრიხკოდი ბოლო ოპერაციის თარიღი ეგზემპლარის მიმდევრობითი ნომერი (კეტერი?) ფასის ძალაში შესვლის თარიღი ეგზემპლარის სახეობა საჯარო შენიშვნა
          ბათუმის შოთა რუსთაველის სახელმწიფო უნივერსიტეტის მთავარი ბიბლიოთეკა ბათუმის შოთა რუსთაველის სახელმწიფო უნივერსიტეტის მთავარი ბიბლიოთეკა წიგნსაცავი 2025-10-08 14.10 537.8(042.4) დ-43 72601 2025-10-08 72601 2025-10-08 წიგნი 14 ლ. 10 თ.
          ბათუმის შოთა რუსთაველის სახელმწიფო უნივერსიტეტის მთავარი ბიბლიოთეკა ბათუმის შოთა რუსთაველის სახელმწიფო უნივერსიტეტის მთავარი ბიბლიოთეკა წიგნსაცავი 2025-10-08 14.10 537.8(042.4) დ-43 72602 2025-10-08 72602 2025-10-08 წიგნი 14 ლ. 10 თ.
          ბათუმის შოთა რუსთაველის სახელმწიფო უნივერსიტეტის მთავარი ბიბლიოთეკა ბათუმის შოთა რუსთაველის სახელმწიფო უნივერსიტეტის მთავარი ბიბლიოთეკა წიგნსაცავი 2025-10-08 14.10 537.8(042.4) დ-43 72603 2025-10-08 72603 2025-10-08 წიგნი 14 ლ. 10 თ.
          ბათუმის შოთა რუსთაველის სახელმწიფო უნივერსიტეტის მთავარი ბიბლიოთეკა ბათუმის შოთა რუსთაველის სახელმწიფო უნივერსიტეტის მთავარი ბიბლიოთეკა წიგნსაცავი 2025-10-08 14.10 537.8(042.4) დ-43 72600 2025-10-08 72600 2025-10-08 წიგნი 14 ლ. 10 თ.